Normal view
MARC view
Entry Personal Name
001 - CONTROL NUMBER
- control field: 1237377
003 - CONTROL NUMBER IDENTIFIER
- control field: OSt
005 - DATE AND TIME OF LATEST TRANSACTION
- control field: 20260430150409.0
008 - FIXED-LENGTH DATA ELEMENTS
- fixed length control field: 260430|| aca||aabn | a|a d
040 ## - CATALOGING SOURCE
- Original cataloging agency: OSt
- Transcribing agency: OSt
100 ## - HEADING--PERSONAL NAME
- Personal name: Poonia Priya Au.; Chopra Madhu Gu
670 ## - SOURCE DATA FOUND
- Source citation: Work cat.: (OSt)1849685: Poonia Priya Au.; Chopra Madhu Gu., Virtual Screening & Molecular Modeling for Development of Subtype Selective HDAC Inhibitors and Evaluation of their Antiproliferative Activity in Cervical Cancer Cells, 2022
